Compilers / (Record no. 168551)

MARC details
000 -LEADER
fixed length control field 00690nam a22002297a 4500
005 - DATE AND TIME OF LATEST TRANSACTION
control field 20191015113732.0
010 ## - LCCN (DPL NO)
LC control number ENG-126659
020 ## - INTERNATIONAL STANDARD BOOK NUMBER
International Standard Book Number 9789353438104
Terms of availability 729.00
035 ## - SYSTEM CONTROL NUMBER
System control number EN-110191
037 ## - SOURCE OF ACQUISITION
Source of stock number/acquisition DBAD/PUB
082 ## - DEWEY DECIMAL CLASSIFICATION NUMBER
Classification number 005.453
100 ## - MAIN ENTRY--PERSONAL NAME
Personal name Aho, Alfred V.
245 ## - TITLE STATEMENT
Title Compilers /
Statement of responsibility, etc by Alfred V. Aho...[et al]
260 ## - PUBLICATION, DISTRIBUTION, ETC. (IMPRINT)
Place of publication, distribution, etc Noida
Name of publisher, distributor, etc Pearson India Education Services
Date of publication, distribution, etc 2020
270 ## - ADDRESS
Address 15th Floor, Tower-B, World Trade Tower, Plot No.1
City Block-C, Sector-16, Noida
Postal code 201301
300 ## - PHYSICAL DESCRIPTION
Extent 948p.
Dimensions 24cm(pbk)
500 ## - GENERAL NOTE
General note Includes index
700 ## - ADDED ENTRY--PERSONAL NAME
Personal name Ullman, Jeffery D.
700 ## - ADDED ENTRY--PERSONAL NAME
Personal name Monica S Lam
700 ## - ADDED ENTRY--PERSONAL NAME
Personal name Sethi, R.
942 ## - ADDED ENTRY ELEMENTS (KOHA)
Source of classification or shelving scheme Dewey Decimal Classification
Item type English Books
Classification part 005.453
Call number suffix AHO
Holdings
Withdrawn status Lost status Not for loan Collection code Home library Current library Date acquired Source of acquisition Cost, normal purchase price Full call number Barcode Copy number Cost, replacement price Koha item type
      Non-fiction Bawana Bawana 15/10/2019 DBAD/PUB 729.00 005.453 AHO EN-110191 1 729.00 English Books

© Delhi Public Library
Hit Counter
free hit counter